22) Quantum of Solace Quiz - Statistics

General Stats
  • This quiz has been taken 371 times
    367 since last reset
  • The average score is 6 of 10
Answer Stats
Question Answer % Correct
What natural resource is Dominic Green secretly interested in? water
94%
Which fruit is Ms. Fields named after? Strawberry
93%
Which Latin American country does General Medrano seek to be installed as leader of? Bolivia
77%
What tool does Green use as a weapon during his fight with Bond? an axe
71%
Which Ukrainian actress plays Camille Montes? Olga Kurylenko
56%
Which country’s intelligence agency does Corrine Veneau work for? Canada
47%
Bond spies on members of Quantum at a performance of which Puccini opera? Tosca
45%
Complete the last words spoken by Mathis to Bond: "Forgive her. _______ _______." Forgive yourself
38%
Jeffrey Wright returns as Felix Leiter. Name the only other actor to play Leiter more than once David Hedison
36%
Bond’s alias, R. Sterling, as revealed on his business card calls back to which previous Bond movie? The Spy Who Loved Me
32%
No matching quizzes found
Score Distribution
Percent of People with Each Score
Percentile by Number Answered
Your Score History
You have not taken this quiz since the last reset